Povídky /
Prozaické dílo Růženy Svobodové je výstižnou uměleckou výpovědí o procesu emancipace, o redefinici ženského údělu a poslání, o možnostech moderní, vzdělané ženy překročit patriarchálně chápané role matky, manželky, hospodyně.
Uloženo v:
| Hlavní autor: | |
|---|---|
| Další autoři: | , , |
| Médium: | E-kniha |
| Jazyk: | Czech |
| Vydáno: |
Praha : Brno :
Nadační fond České knižnice : Ústav pro českou literaturu AV ČR ; Host,
2024
|
| Vydání: | V České knižnici vydání první |
| Edice: | Česká knižnice (Host)
|
| Témata: | |
| On-line přístup: | Plný text PDF (Bookport) |
| Tagy: |
Žádné tagy |
| LEADER | 03601nam a2200589 i 4500 | ||
|---|---|---|---|
| 001 | 312483 | ||
| 003 | CZ PrSKC | ||
| 005 | 20260601215723.0 | ||
| 007 | ta | ||
| 008 | 240815s2024 xr g 000 j cze | ||
| 015 | |a cnb003626834 | ||
| 020 | |a 9788088183419 |q (Nadační fond České knižnice ; |q vázáno) | ||
| 020 | |a 978-80-7658-078-7 |q (Ústav pro českou literaturu AV ČR, v.v.i. ; |q vázáno) | ||
| 020 | |a 978-80-275-2053-4 |q (Host ; |q vázáno) | ||
| 035 | |a (OCoLC)1535680438 | ||
| 040 | |a ABG001 |b cze |e rda | ||
| 043 | |a e-xr--- | ||
| 045 | |a w-x- | ||
| 072 | 7 | |a 821.162.3-3 |x Česká próza |2 Konspekt | |
| 080 | |a 821.162.3-32 |2 MRF | ||
| 080 | |a (0:82-32) |2 MRF | ||
| 080 | |a (082.21) |2 MRF | ||
| 100 | 1 | |a Svobodová, Růžena, |d 1868-1920 |7 jk01122121 |4 aut | |
| 245 | 1 | 0 | |a Povídky / |c Růžena Svobodová ; sestavili, povídky k vydání připravili a doprovodné texty napsali Martin Tichý a Radek Touš |
| 250 | |a V České knižnici vydání první | ||
| 264 | 1 | |a Praha : |b Nadační fond České knižnice : |b Ústav pro českou literaturu AV ČR ; |a Brno : |b Host, |c 2024 | |
| 300 | |a 348 stran ; |c 21 cm | ||
| 336 | |a text |b txt |2 rdacontent | ||
| 337 | |a bez média |b n |2 rdamedia | ||
| 338 | |a svazek |b nc |2 rdacarrier | ||
| 490 | 1 | |a Česká knižnice ; |v svazek 126 | |
| 505 | 0 | 0 | |t Povídky (1891-1895) -- |t Marné lásky -- |t Pokojný dům |
| 520 | 2 | |a Prozaické dílo Růženy Svobodové je výstižnou uměleckou výpovědí o procesu emancipace, o redefinici ženského údělu a poslání, o možnostech moderní, vzdělané ženy překročit patriarchálně chápané role matky, manželky, hospodyně. |b Svět senzitivního ženství na přelomu století. Výběr z kratších próz Růženy Svobodové (1868--1920) znovu oživí v povědomí současného čtenáře "ženskou" tvorbu období fin de siècle a ukáže, jaké možnosti umělecké výpovědi nalézala česká moderna pro psychologickou drobnokresbu. Tradiční realisticko-naturalistické líčení tíživých ženských osudů v raných Povídkách Růženy Svobodové (1896) střídá impresionistická lyrika Marných lásek (1907), soustředěná na detailní zachycení dojmů, nálad a smyslových vjemů. Útěšná idyla Pokojný dům (1917), věnovaná F. X. Šaldovi, potěší barvitými popisy čarovných brdských lesů. Nakladatelská anotace. Kráceno. | |
| 600 | 1 | 7 | |a Svobodová, Růžena, |d 1868-1920 |7 jk01122121 |2 czenas |
| 648 | 7 | |a 19.-20. století |7 ch757015 |2 czenas | |
| 650 | 0 | 7 | |a česká povídka |7 ph128146 |y 19.-20. století |2 czenas |
| 650 | 9 | |a Czech short stories |y 19th-20th centuries |2 eczenas | |
| 655 | 7 | |a české povídky |7 fd133971 |2 czenas | |
| 655 | 7 | |a výbory |7 fd133853 |2 czenas | |
| 655 | 9 | |a Czech short stories |2 eczenas | |
| 655 | 9 | |a selected works |2 eczenas | |
| 700 | 1 | |a Tichý, Martin, |d 1976- |7 ola2003193901 |4 com |4 wam | |
| 700 | 1 | |a Touš, Radek, |d 1993- |7 av2018994435 |4 com |4 wam | |
| 700 | 1 | 2 | |a Svobodová, Růžena, |d 1868-1820. |t Marné lásky |
| 700 | 1 | 2 | |a Svobodová, Růžena, |d 1868-1820. |t Pokojný dům |
| 830 | 0 | |a Česká knižnice (Host) | |
| 856 | 4 | 0 | |u https://www.bookport.cz/kniha/povidky-12858/ |y Plný text PDF (Bookport) |4 N |
| 900 | |a ABG001 |b 19 | ||
| 044 | |a xr | ||
| 910 | |a RBIT002 | ||
| 998 | |d 410062 |a https://core.palmknihy.cz/api/books/410062/cover?si9bp5 |b https://core.palmknihy.cz/api/books/410062/cover/400?si9bp5 |c https://core.palmknihy.cz/api/books/410062/cover/50?si9bp5 |e |g 359 |i 9788027520534 |k https://core.palmknihy.cz/api/books/410062/preview.pdf |l |q 49 |r 1 |s https://www.palmknihy.cz/kniha/410062 |t ebook |y 2024 |z 0 | ||
| 999 | |d 312481 | ||